Robot Hands and the Mechanics of Manipulation (Record no. 24276)
[ view plain ]
| 000 -LEADER | |
|---|---|
| fixed length control field | 00206nam a22000737a 4500 |
| 003 - CONTROL NUMBER IDENTIFIER | |
| control field | NUST |
| 005 - DATE AND TIME OF LATEST TRANSACTION | |
| control field | 20170606102253.0 |
| 008 - FIXED-LENGTH DATA ELEMENTS--GENERAL INFORMATION | |
| fixed length control field | 140515b xxu||||| |||| 00| 0 eng d |
| 020 ## - INTERNATIONAL STANDARD BOOK NUMBER | |
| Terms of availability | Available |
| International Standard Book Number | 0262132052 |
| 040 ## - CATALOGING SOURCE | |
| Original cataloging agency | DLC |
| Language of cataloging | DLC |
| Transcribing agency | RCMS |
| 050 ## - LIBRARY OF CONGRESS CALL NUMBER | |
| Classification number | 629.89 MAS |
| 082 ## - DEWEY DECIMAL CLASSIFICATION NUMBER | |
| Classification number | 629.89 MAS |
| 100 ## - MAIN ENTRY--PERSONAL NAME | |
| Personal name | Mathew T.Mason |
| 9 (RLIN) | 1991 |
| 245 ## - TITLE STATEMENT | |
| Title | Robot Hands and the Mechanics of Manipulation |
| Statement of responsibility, etc. | Mathew T.Mason and J.Kenneth Salisbury ,Jr. |
| 260 ## - PUBLICATION, DISTRIBUTION, ETC. | |
| Place of publication, distribution, etc. | The Massachusetts Institute of Technology |
| Name of publisher, distributor, etc. | America |
| Date of publication, distribution, etc. | c1985. |
| 300 ## - PHYSICAL DESCRIPTION | |
| Extent | xxvi, 298 p. : |
| Other physical details | ill, ; |
| Dimensions | 26 cm. |
| 538 ## - SYSTEM DETAILS NOTE | |
| Display text | Shelf # 10, Row # 1, Mechanical & Aerospace. |
| 856 ## - ELECTRONIC LOCATION AND ACCESS | |
| Materials specified | Table of Contents Only. |
| 942 ## - ADDED ENTRY ELEMENTS (KOHA) | |
| Source of classification or shelving scheme | |
| Koha item type | Book |
| Classification part | 629.89 MAS |
| Withdrawn status | Lost status | Source of classification or shelving scheme | Damaged status | Not for loan | Permanent Location | Current Location | Shelving location | Date acquired | Barcode | Date last seen | Price effective from | Koha item type |
|---|---|---|---|---|---|---|---|---|---|---|---|---|
| NUST Baluchistan Campus (NBC) | NUST Baluchistan Campus (NBC) | General Stacks | 05/15/2014 | RCMS001067 | 05/15/2014 | 05/15/2014 | Book |
